| 000 | 01234nam a2200277 i 4500 | ||
|---|---|---|---|
| 001 | 89066 | ||
| 003 | ES-MaACL | ||
| 005 | 20230906180048.0 | ||
| 007 | t| | ||
| 008 | 050126s2002 mx a ||||1| spa d | ||
| 020 | _a968-7598-85-9 | ||
| 080 | _a929-053.2-054.73(=1.460:72)"1936/39" | ||
| 080 | _a94(460)"1936/39" | ||
| 245 | 0 | 3 |
_aUn capítulo de la memoria del exilio _b: los niños de Morelia / _cAgustín Sánchez Andrés ... [et al.], compiladores ; estudio introductorio de Agustín Sánchez Andrés y Eduardo Mateo Gambarte. |
| 250 | _a1ª ed. | ||
| 260 |
_aMorelia (Michoacán) : _bInstituto de Investigaciones Históricas de la Universidad Michoacana de San Nicolás Hidalgo ; _aMadrid : _bComunidad de Madrid, Consejería de las Artes, _c2002. |
||
| 300 |
_a437 p., : _bil. ; _c23 cm. |
||
| 650 | 1 | 4 |
_aNiños refugiados españoles- _zMéxico. _9211184 |
| 651 | 4 |
_aEspaña- _xHistoria- _y1936-1939, Guerra civil- _xNiños. _98309 |
|
| 700 | 1 |
_aSánchez Andrés, Agustín. _9102455 |
|
| 700 | 1 |
_aMateo Gambarte, Eduardo. _978959 |
|
| 710 | 2 |
_aUniversidad Michoacana. _9170991 |
|
| 710 | 1 |
_aMadrid (Comunidad Autónoma). _bConsejería de las Artes. _95602 |
|
| 852 |
_aES-MaACL _jL-28715 _bR.134893 |
||
| 999 |
_c89066 _d89066 |
||